000 003090000a22001450004500
003 MACL
040 _aMACL
090 _c4607
_d4606
100 _aPrasad, R.C.
245 _aShriramacharitamanasa
260 _bMotilal Banarsidass Publishers
_c1990
350 _a250
650 _aReligion
942 _cBOOK
_k294
999 _c4573
_d4573